Многоэлементный анализ кислородсодержащих структур на основе упругого рассеяния ионов гелия-4: диссертация на соискание ученой степени кандидата физико-математических наук; Спец. 01.04.16.

التفاصيل البيبلوغرافية
المؤلف الرئيسي: Буркова И. Е. Ирина Евгеньевна
مؤلف مشترك: Томский политехнический институт (ТПИ) Научно-исследовательский институт ядерной физики (НИИ ЯФ)
مؤلفون آخرون: Чернов И. П. Иван Петрович (научный руководитель)
اللغة:الروسية
منشور في: Томск, 1990
الموضوعات:
التنسيق: كتاب
KOHA link:https://koha.lib.tpu.ru/cgi-bin/koha/opac-detail.pl?biblionumber=46516

MARC

LEADER 00000nbm0a2200000 4500
001 46516
005 20250917071649.0
035 |a (RuTPU)RU\TPU\book\48562 
090 |a 46516 
100 |a 20030122d1990 k y0rusy50 ca 
101 0 |a rus 
102 |a RU 
105 |a a m 001zy 
200 1 |a Многоэлементный анализ кислородсодержащих структур на основе упругого рассеяния ионов гелия-4  |e диссертация на соискание ученой степени кандидата физико-математических наук  |e Спец. 01.04.16.  |f И. Е. Буркова  |g Томский политехнический институт (ТПИ), Научно-исследовательский институт ядерной физики (НИИ ЯФ) ; науч. рук. И. П. Чернов 
210 |a Томск  |d 1990 
215 |a 122 л.  |c ил. 
320 |a Библиогр.: с. 109-122 (122 назв.). 
610 1 |a физика 
610 1 |a элементарные частицы 
610 1 |a анализ 
610 1 |a кислородсодержащие структуры 
610 1 |a рассеяние 
610 1 |a ионы 
610 1 |a гелий 
610 1 |a экспериментальные исследования 
610 1 |a физико-химическое взаимодействие 
610 1 |a диссертации 
675 |a 539.171.016(048)  |v 3 
686 |a 01.04.16.  |2 oksvnk 
700 1 |a Буркова  |b И. Е.  |g Ирина Евгеньевна 
702 1 |a Чернов  |b И. П.  |c физик  |c профессор Томского политехнического университета, доктор физико-математических наук  |f 1935-2025  |g Иван Петрович  |x TPU  |y Томск  |3 (RuTPU)RU\TPU\pers\12909  |4 727  |9 3694 
712 0 2 |a Томский политехнический институт (ТПИ)  |b Научно-исследовательский институт ядерной физики (НИИ ЯФ)  |c (1975-1998)  |3 (RuTPU)RU\TPU\col\11922 
801 1 |a RU  |b 63413507  |c 20030122  |g PSBO 
801 2 |a RU  |b 63413507  |c 20130624  |g PSBO 
942 |c BK